| 000 | 00959nam a2200253Ia 4500 | ||
|---|---|---|---|
| 003 | OSt | ||
| 005 | 20220923211213.0 | ||
| 006 | a|||||r|||| 00| 0 | ||
| 007 | ta | ||
| 008 | 220922b |||||||| |||| 00| 0 mar d | ||
| 020 |
_a9788126315932 (hbk) _c310 |
||
| 024 | _a237,611 | ||
| 037 |
_b452, 21/03/2009, Vani Prakashan _cTextual |
||
| 040 |
_aARTS _cARTS _bmar |
||
| 041 |
_2mar _amar |
||
| 082 | _aO155,3N40,CH, 152P8 | ||
| 100 |
_aसावंत, शिवाजी; वेदालंकार, वेदकुमार, अनु. _9159608 |
||
| 245 | 0 | _aछावा | |
| 246 | _aChhāvā | ||
| 260 |
_aनई दिल्ली _b भारतीय ज्ञानपीठ _c2008 |
||
| 300 |
_a855पृ0 _ccm. |
||
| 942 |
_hO155,3N40,CH, 152P8 _cTEXL _2CC |
||
| 999 |
_c296809 _d296809 |
||